How you can get rich from the property and stock markets

Bibliographic Details
Main Author: Doshi, Milan (Author)
Format: Book
Language:English
Published: Kuala Lumpur : Achievers Resouirce centre Sdn Bhd 2004
Subjects:

MARC

LEADER 00000cam a2200000 7i4500
001 0000030492
005 20241018.0
008 231101 my a eng
020 |a 9834166206 (pbk) 
040 |a INS   |b eng   |e rda 
090 0 0 |a HF5386   |b .D67 2004 
100 1 |a Doshi, Milan ,   |e author 
245 1 0 |a How you can get rich from the property and stock markets   |c Milan Doshi 
264 1 |a Kuala Lumpur :   |b Achievers Resouirce centre Sdn Bhd   |c 2004 
300 |a 173 pages :   |b illustrations ;   |c 25 cm. 
336 |a text  |2 rdacontent 
337 |a unmediated  |2 rdamedia 
338 |a volume  |2 rdacarrier 
504 |a Includes bibliographical references 
650 0 |a Success in business 
999 |a 0000020386   |b BOOK   |c Open Shelf   |e Default branch 
999 |a 1000003084   |b BOOK   |c Open Shelf   |e Default branch